000 02116cam a2200589 4500
001 21844
003 VRT
005 20260311145954.0
008 210624s2019 xo erh 000 fbslo
015 _aSNBA2019/04
020 _a9788022021081
_q(viazané)
035 _a7AC83435-3D43-4F36-A3C9-0D896BEE0FB6
035 _aurn:nbn:sk:snk-am3ie95
035 _aurn:nbn:sk:snk-am00e6pe
039 9 _a202106241113
_bVLOAD
_c202102021319
_dVLOAD
_c202102011321
_dVLOAD
_c202011232131
_dAUTHORITY
040 _aTTKJF
_bslo
_dTTKJF
_dSNK
_erda
041 1 _aslo
_heng
044 _axo
_cSK
072 7 _a821.111(73)-3
_xAmerická próza
_2konspekt
072 7 _a929
_xBiografie
_2konspekt
080 _a821.111(73)-051
_22011
080 _a316.472.42
_22011
080 _a821.111(73)-31
_22011
080 _a(0:82-312.6)
_22011
100 1 _aWood, Naomi,
_d1983-
_4aut
240 1 0 _aMrs Hemingway
_lSlovensky
245 1 0 _aPani Hemingwayová
_cNaomi Woodová ; z anglického originálu Mrs Hemingway ... preložila Alexandra Ruppeldtová
264 1 _aBratislava
_bIkar
_c2019
300 _a264 strán
_c21 cm
336 _atext
_btxt
_2rdacontent
337 _abez média
_bn
_2rdamedia
338 _azväzok
_bnc
_2rdacarrier
600 1 7 _aHemingway, Ernest,
_d1899-1961
_2SNKMA
648 7 _a20. storočie
_2SNKPH
648 7 _a20th century
_2SNKPHeng
650 0 7 _aamerickí spisovatelia
_2SNKPH
650 0 7 _amanželky spisovateľov
_2SNKPH
650 0 7 _apartnerské vzťahy
_2SNKPH
650 0 7 _aAmerican authors
_2SNKPHeng
650 0 7 _aPartner relationships
_2SNKPHeng
655 7 _aamerické romány
_2SNKPH
655 7 _aautobiografické romány
_2SNKPH
655 7 _aAmerican fiction
_2SNKPHeng
655 7 _aAutobiographical novels
_2SNKPHeng
700 1 _aRuppeldtová, Alexandra,
_d1954-
_4trl
910 _asnk
942 _2ddc
_cKLDO
_n0
949 _6270001000600892
_asvkbbA 156679
_bsvkbbm 781864
949 _617A1359685
_asnkSC 183151
_bsnk2019/5841
_o484/19
_s6100:20190430
949 _62889344870
_asavukPV 27776
_bsavuk2019/936
949 _617A1360064
_asnkSC 183151 D1
_bsnk2019/8109
_o484/19
999 _c21844
_d21844